<?xml version="1.0" encoding="UTF-8"?><?xml-stylesheet type="text/xsl" href="static/style.xsl"?><OAI-PMH xmlns="http://www.openarchives.org/OAI/2.0/" xmlns:xsi="http://www.w3.org/2001/XMLSchema-instance" xsi:schemaLocation="http://www.openarchives.org/OAI/2.0/ http://www.openarchives.org/OAI/2.0/OAI-PMH.xsd"><responseDate>2026-04-26T22:08:08Z</responseDate><request verb="GetRecord" identifier="oai:uvadoc.uva.es:10324/77007" metadataPrefix="marc">https://uvadoc.uva.es/oai/request</request><GetRecord><record><header><identifier>oai:uvadoc.uva.es:10324/77007</identifier><datestamp>2025-07-30T19:00:44Z</datestamp><setSpec>com_10324_1138</setSpec><setSpec>com_10324_931</setSpec><setSpec>com_10324_894</setSpec><setSpec>col_10324_1226</setSpec></header><metadata><record xmlns="http://www.loc.gov/MARC21/slim" xmlns:doc="http://www.lyncode.com/xoai" xmlns:xsi="http://www.w3.org/2001/XMLSchema-instance" xmlns:dcterms="http://purl.org/dc/terms/" xsi:schemaLocation="http://www.loc.gov/MARC21/slim http://www.loc.gov/standards/marcxml/schema/MARC21slim.xsd">
<leader>00925njm 22002777a 4500</leader>
<datafield tag="042" ind1=" " ind2=" ">
<subfield code="a">dc</subfield>
</datafield>
<datafield tag="720" ind1=" " ind2=" ">
<subfield code="a">Ceballos Laita, Luis</subfield>
<subfield code="e">author</subfield>
</datafield>
<datafield tag="720" ind1=" " ind2=" ">
<subfield code="a">Ernst, Edzard</subfield>
<subfield code="e">author</subfield>
</datafield>
<datafield tag="720" ind1=" " ind2=" ">
<subfield code="a">Carrasco Uribarren, Andoni</subfield>
<subfield code="e">author</subfield>
</datafield>
<datafield tag="720" ind1=" " ind2=" ">
<subfield code="a">García García, Daniel</subfield>
<subfield code="e">author</subfield>
</datafield>
<datafield tag="720" ind1=" " ind2=" ">
<subfield code="a">Jiménez del Barrio, Sandra</subfield>
<subfield code="e">author</subfield>
</datafield>
<datafield tag="260" ind1=" " ind2=" ">
<subfield code="c">2025</subfield>
</datafield>
<datafield tag="520" ind1=" " ind2=" ">
<subfield code="a">Introduction: Patients with headaches often seek complementary and alternative therapies, including chiropractic care. Chiropractic spinal manipulation is one of the most commonly used techniques for these patients; however, its effectiveness remains unclear. This systematic review aimed to evaluate the effectiveness of chiropractic spinal manipulation in reducing headache days, episode duration, episode intensity, and medication intake in patients with headaches. Methods: MEDLINE (Pubmed), PEDro, SCOPUS, Cochrane Library and Web of Science databases were searched from inception to April 2024. PICO search strategy was used to identify randomized controlled trials applying chiropractic spinal manipulations versus sham manipulation, no additional intervention, or other conservative non-pharmacological interventions in patients with headaches. Eligible studies and data extraction were con- ducted independently by two reviewers. Quality of the studies was assessed with Physiotherapy Evidence Database scale, and risk of bias with Cochrane Collaboration tool. Certainty of the evidence was evaluated using GRADE approach. Results: Eight studies ranging from low to high methodological quality were included in the synthesis without a meta-analysis. The results were categorized into three subgroups: chiropractic manipulation versus sham, chiropractic manipulation versus control, and chiropractic manipulation versus deep friction massage. Among the five studies comparing chiropractic manipulation to sham, two found a significant reduction in the number of headache days. Of the three studies comparing chiropractic manipulation to a control, one reported a decrease in headache episode duration. No significant differences were observed for any other variable across the subgroups. The certainty of evidence was downgraded to very low. Conclusions: It is uncertain if chiropractic spinal manipulation is more effective than sham, control, or deep friction massage interventions for patients with headaches. PROSPERO registration number: CRD42024518480</subfield>
</datafield>
<datafield tag="024" ind2=" " ind1="8">
<subfield code="a">European Journal of Integrative Medicine, 2025, vol. 76, p. 102462</subfield>
</datafield>
<datafield tag="024" ind2=" " ind1="8">
<subfield code="a">1876-3820</subfield>
</datafield>
<datafield tag="024" ind2=" " ind1="8">
<subfield code="a">https://uvadoc.uva.es/handle/10324/77007</subfield>
</datafield>
<datafield tag="024" ind2=" " ind1="8">
<subfield code="a">10.1016/j.eujim.2025.102462</subfield>
</datafield>
<datafield tag="024" ind2=" " ind1="8">
<subfield code="a">102462</subfield>
</datafield>
<datafield tag="024" ind2=" " ind1="8">
<subfield code="a">European Journal of Integrative Medicine</subfield>
</datafield>
<datafield tag="024" ind2=" " ind1="8">
<subfield code="a">76</subfield>
</datafield>
<datafield tag="245" ind1="0" ind2="0">
<subfield code="a">Is chiropractic spinal manipulation effective for the treatment of cervicogenic, tension-type, or migraine headaches? A systematic review</subfield>
</datafield>
</record></metadata></record></GetRecord></OAI-PMH>